| Поле | Название | Значение |
| |
Тип записи |
a |
| |
Библиографический уровень |
m |
| 001 |
Контрольный номер |
RU\infra-m\znanium\bibl\2228675 |
| 005 |
Дата корректировки |
20260429142110.1 |
| 008 |
Кодируемые данные |
251003s2025 RU g rus u |
| 020 |
Индекс ISBN |
__ |
| a |
ISBN |
978-5-4479-0494-4 |
| 040 |
Источник каталогиз. |
__ |
| a |
Служба первич. каталог. |
Общество с ограниченной ответственностью «ЗНАНИУМ» |
| 041 |
Код языка издания |
__ |
| a |
Код языка текста |
rus |
| 044 |
Код страны публикации |
__ |
| a |
Код страны публикации |
RU |
| 080 |
Индекс УДК |
__ |
| a |
Индекс УДК |
630 |
| 084 |
Индекс другой классификации/Индекс ББК |
__ |
| 2 |
Источник индекса |
rubbk |
| a |
Индекс другой классификации/Индекс ББК |
43 |
| 084 |
Индекс другой классификации/Индекс ББК |
__ |
| 2 |
Источник индекса |
okso |
| a |
Индекс другой классификации/Индекс ББК |
35.03.01 |
| 084 |
Индекс другой классификации/Индекс ББК |
__ |
| 2 |
Источник индекса |
okso |
| a |
Индекс другой классификации/Индекс ББК |
35.03.03 |
| 084 |
Индекс другой классификации/Индекс ББК |
__ |
| 2 |
Источник индекса |
okso |
| a |
Индекс другой классификации/Индекс ББК |
35.03.10 |
| 084 |
Индекс другой классификации/Индекс ББК |
__ |
| 2 |
Источник индекса |
okso |
| a |
Индекс другой классификации/Индекс ББК |
35.04.03 |
| 100 |
Автор |
__ |
| a |
Автор |
Вдовенко А.В. |
| q |
Полное имя |
Вдовенко Анастасия Васильевна |
| 245 |
Заглавие |
__ |
| a |
Заглавие |
Лесоведение с основами дендрологии |
| b |
Продолж. заглавия |
Учебное пособие |
| 250 |
Сведения об издании |
__ |
| a |
Основные сведения об издании |
2 |
| 260 |
Выходные данные |
__ |
| a |
Место издания |
Волгоград |
| b |
Издательство |
ФГБОУ ВПО Волгоградский государственный аграрный университет |
| c |
Дата издания |
2025 |
| 300 |
Физическое описание |
__ |
| a |
Объем |
264 с. |
| 520 |
Аннотация |
__ |
| a |
Аннотация |
В учебном пособии представлены разделы курса лесоведения с основами дендрологии: морфология леса экология леса лес и биотические факторы возобновление и формирование леса смена пород типология леса основные лесообразующие древесные породы и их характеристика рассмотрены основные положения научных знаний о природе леса его биологии и экологии. Лес рассматривается как важнейшая составная часть биосферы Земли его динамика в пространстве и во времени. Для обучающихся по направлениям подготовки: 35.03.01 Лесное дело; 35.03.03 Агрохимия и агропочвоведение; 35.03.10 Ландшафтная архитектура; 35.04.03 Агрохимия и агропочвоведение; 4.1.6 Лесоведение лесоводство лесные культуры агролесомелиорация озеленение лесная пирология и таксация. |
| 521 |
Примеч. о цел. назн. |
__ |
| a |
Примеч. о целев. назн. |
ВО - Бакалавриат |
| 650 |
Тематические рубрики |
__ |
| a |
Основная рубрика |
Сельское хозяйство |
| x |
Основная подрубрика |
Лесное хозяйство |
| 655 |
Указ. предметных рубрик (устаревшее) |
__ |
| a |
Жанр/ форма (устаревшее) |
Учебное пособие |
| 700 |
Другие авторы |
__ |
| a |
Другие авторы |
Воронина В.П. |
| q |
Полное имя |
Воронина Валентина Павловна |
| u |
Дополнение |
Волгоградский государственный аграрный университет |
| 700 |
Другие авторы |
__ |
| a |
Другие авторы |
Воробьева О.М. |
| q |
Полное имя |
Воробьева Ольга Михайловна |
| u |
Дополнение |
Волгоградский государственный аграрный университет |
| 700 |
Другие авторы |
__ |
| a |
Другие авторы |
Кочкарь М.М. |
| q |
Полное имя |
Кочкарь Максим Михайлович |
| u |
Дополнение |
Волгоградский государственный аграрный университет |
| 700 |
Другие авторы |
__ |
| a |
Другие авторы |
Кулик А.К. |
| q |
Полное имя |
Кулик Алексей Константинович |
| 856 |
Электронный адрес документа |
4_ |
| a |
Имя сервера/домена |
znanium.ru |
| m |
Помощь |
ebs_support@infra-m.ru |
| n |
Местонахождение сервера |
НИЦ ИНФРА-М |
| u |
URL |
https://znanium.ru/catalog/document?id=470905 |
| 856 |
Электронный адрес документа |
48 |
| a |
Имя сервера/домена |
znanium.ru |
| d |
Путь |
/cover/2228 |
| f |
Электронное имя |
2228675.jpg |
| q |
Тип электронного формата |
image/jpeg |
| u |
URL |
https://znanium.ru/cover/2228/2228675.jpg |
| 911 |
|
__ |
| u |
|
0030=https://znanium.ru/catalog/document?id=470905 |